000 00886nam a2200229 a 4500
001 48593
003 BD-RjUL
005 20211209054542.0
008 160814s1954 ii ||||| |||| 00| 0 ben d
020 _c: IRs. 2.12
035 _a(BD-RjUL)48712
040 _aBD-RjUL
_bben
_cBD-RjUL
041 _aben
082 _223
_a891.4409
_bSES 1954
100 1 _aসেন, ত্রিপুরাশঙ্কর
_9146801
245 1 0 _aষোড়শ শতকের বাংলা সাহিত্য /
260 _aকলিকাতা :
_bপ্রফুল্ল-কুমুদ লাইব্রারী,
_c১৯৫৪
300 _a১৬৭ পৃ. ;
_c১২ সেমি.
650 _aবাংলা সাহিত্য
_vইতিহাস ও সমালোচনা
_9117445
650 _aBengali Literature
_vHistory and Criticism
_9146802
942 _2ddc
_cBK
999 _c48593
_d48593